000 00465nam a22001697a 4500
999 _c31604
_d31601
003 OSt
005 20190404094506.0
008 190404b ||||| |||| 00| 0 eng d
020 _a8178082314
040 _aMMU
_beng
_cMMU
_dMMU
050 _aQA76.9 .D3D3659 2000
245 _aAn introduction database systems,
_cC.J .Date
260 _aDelhi :
_bPearson Education,
_c2000
300 _axxii,938 p.:
_bill.;
650 _aDatabase systems
942 _2lcc
_cLOAN LOAN